| 000 | 00767nam a2200229 i 4500 | ||
|---|---|---|---|
| 001 | 8378 | ||
| 003 | ES-MaACL | ||
| 005 | 20250901225234.0 | ||
| 007 | t| | ||
| 008 | 920612s1990 sp ||||1| spa d | ||
| 020 | _a84-7811-066-6 | ||
| 080 | _a382.6(46) | ||
| 100 | 1 |
_aSerantes, Pedro. _9105523 |
|
| 245 | 1 | 0 |
_aFinanciación del comercio exterior _b: manual práctico / _cPedro Serantes. |
| 260 |
_aMadrid : _bInstituto Español de Comercio Exterior : _bSecretaría de Estado de Comercio, _cD.L. 1990. |
||
| 300 |
_a198 p. ; _c21 cm. |
||
| 650 | 1 | 4 |
_aExportación- _zEspaña. _912699 |
| 651 | 4 |
_aEspaña- _xComercio exterior. _98178 |
|
| 710 | 2 |
_aInstituto Español de Comercio Exterior _95037 |
|
| 852 |
_aES-MaACL _jL-15798 _bR.119840 |
||
| 999 |
_c8378 _d8378 |
||